000 00257nam a22000977a 4500
008 140712b xxu||||| |||| 00| 0 eng d
082 _bNUR0113
245 _aVirtual Clinical Exursions
_bpacific view Regional Hospital
300 _aCD-ROM
942 _2lcc
_cAVM
999 _c276683
_d276683